Reflections - The Neighbourhood (lyrics) - Statistics

General Stats
  • This quiz has been taken 359 times
    347 since last reset
  • The average score is 275 of 359
Answer Stats
Answerput % Correct
I
99%
i
99%
you
99%
you,
99%
You
99%
a
96%
So
96%
so
96%
where
96%
Where
96%
to
95%
To
95%
your
95%
be
94%
somebody
94%
We
93%
we
93%
close
92%
close,
92%
in
92%
my
92%
never
92%
the
92%
been?
91%
been
91%
Do
91%
do
91%
eyes
91%
it
91%
know
91%
like
91%
me
91%
me,
91%
see
91%
stars
91%
were
91%
have
90%
reflection
90%
too
90%
Maybe
89%
maybe
89%
back?
88%
comin'
88%
Fallin'
88%
it's
88%
just
88%
knew
88%
you're
88%
when
84%
if
83%
blessing
82%
hard
81%
as
80%
disguise
80%
I'd
79%
i'd
79%
rather
79%
lose
78%
than
78%
go,
76%
us
74%
but
72%
I've
72%
use
72%
did
71%
for
71%
coming
70%
And
68%
and
68%
gone
68%
Since
68%
tried
68%
you've
68%
far
67%
give
67%
don't
66%
out
66%
little
65%
put
65%
What
65%
away
64%
get
64%
bit
63%
sad
63%
sick
63%
Sick
63%
broken
61%
fix
61%
should
60%
Wish
60%
got
59%
want
59%
might
57%
save
56%
wanted
56%
could've,
55%
More,
55%
potion
55%
should've,
55%
sips
55%
yet
55%
along,
54%
crazy
54%
Hopin'
54%
whatever's
54%
chore
53%
few
52%
Ignorant
49%
stay
49%
bliss
48%
sky
45%
no,
44%
baby
41%
daily
41%
Yeah,
41%
yeah,
41%
yeah
41%
every
40%
solo
40%
time
40%
that
38%
up
36%
right,
35%
always
33%
Lightin'
33%
night,
33%
through
33%
myself
32%
oh,
32%
wasn't
32%
shootin'
28%
bright,
27%
of
25%
all
24%
realign,
21%
from
20%
hell
20%
Coulda,
19%
say
18%
Shoulda,
18%
soul
18%
now
17%
sold
17%
tired,
17%
with
17%
babe?
15%
poison
14%
ones
11%
same
11%
bought
10%
point
10%
view
10%
alright
8%
stick
7%
Uh-huh
3%
No matching quizzes found
Score Distribution
Percent of People with Each Score
Percentile by Number Answered
Your Score History
You have not taken this quiz since the last reset